Famous Americans Who Became Royals - Statistics

General Stats
  • This quiz has been taken 35 times
    33 since last reset
  • The average score is 3 of 6
Answer Stats
Picture Hint Answer % Correct
Title: Duchess of Sussex {United Kingdom} Meghan Markle
100%
Title: Princess Consort {Monaco} Grace Kelly
91%
Title: Duchess of Windsor {United Kingdom} Wallis Simpson
78%
Title: Princess (Divorce) {Italy} Olivia Wilde
19%
Title: Prince {Ivory Coast , He was crowned Prince Mikaeel Amalaman Anoh II of Ivory Coast in 1997 } Michael Jackson
0%
Title: Princess {Pakistan} Rita Hayworth
0%
No matching quizzes found
Score Distribution
Percent of People with Each Score
Percentile by Number Answered
Your Score History
You have not taken this quiz since the last reset